000
00313nam a2200121Ia 4500
008
191201s2011 xx 000 0 und d
100
_a
KOTHANDARAMAN, C.P.
245
0
_a
Fluid Mechanics and Machinery
260
_a
N. Delhi
_b
New Age International
_c
2011
300
_a
874
650
_a
B.Tech(CE)
942
_2
ddc
_c
BK
999
_c
6339
_d
6339